| 000 | 00991nam a2200301 i 4500 | ||
|---|---|---|---|
| 001 | 113842 | ||
| 003 | ES-MaACL | ||
| 005 | 20230906190021.0 | ||
| 007 | t| | ||
| 008 | 061121s1976 sp r ||||1| spa d | ||
| 020 | _a84-7214-075-X | ||
| 080 | _a57.06 | ||
| 080 | _a582.3/.9.06 | ||
| 080 | _a59.06 | ||
| 080 | _a001.4:5 | ||
| 245 | 0 | 0 |
_aNomenclatura biológica : _bcódigo internacional de nomenclatura botánica : código internacional de nomenclatura zoológica / _cversiones del inglés de Jesús Izco, Rafael Alvarado y Francisco D. Calonge. |
| 250 | _a1ª ed. | ||
| 260 |
_aMadrid : _bH. Blume, _c1976. |
||
| 300 |
_a353 p. : _bil. ; _c25 cm. |
||
| 504 | _aBibliografía. | ||
| 650 | 4 |
_aBiología- _vNomenclatura. _9176340 |
|
| 650 | 4 |
_aPlantas- _xNomenclatura. _9176341 |
|
| 650 | 4 |
_aAnimales- _vNomenclatura. _9176342 |
|
| 700 | 1 |
_aIzco, Jesús. _965688 |
|
| 700 | 1 |
_aAlvarado, Rafael. _920596 |
|
| 700 | 1 |
_aCalonge, Francisco D. _933774 |
|
| 852 | 4 |
_aES-MaACL _jA-10838 |
|
| 999 |
_c113842 _d113842 |
||